000
00334nam a2200133Ia 4500
008
240624s9999 xx 000 0 und d
041
_a
eng
082
_a
519.55 BRA
100
_a
BRANDT PATRICK T
245
_a
MULTIPLE TIME SERIES MODELS
260
_c
2007
_a
London
_b
Sage Publications
300
_a
99 : p. : cm. ; 25
365
_c
_b
32
999
_c
6303
_d
6303